Fr. Conceicao Rodrigues College of Engineering

Javascript-The Definitive Guide (Record no. 34683)

MARC details
000 -LEADER
fixed length control field 00347nam a2200169Ia 4500
082 ## - DEWEY DECIMAL CLASSIFICATION NUMBER
Classification number 005.133J/DAV
Item number DAV
100 ## - MAIN ENTRY--PERSONAL NAME
Personal name David Flanagan
245 ## - TITLE STATEMENT
Title Javascript-The Definitive Guide
260 ## - PUBLICATION, DISTRIBUTION, ETC.
Name of publisher, distributor, etc. Orielly
Date of publication, distribution, etc. 2002
366 ## - TRADE AVAILABILITY INFORMATION
Publishers's discount category 20
300 ## - PHYSICAL DESCRIPTION
Extent 916
546 ## - LANGUAGE NOTE
Language note ENGLISH
650 ## - SUBJECT ADDED ENTRY--TOPICAL TERM
Topical term or geographic name entry element Java
654 ## - SUBJECT ADDED ENTRY--FACETED TOPICAL TERMS
Focus term javascript
942 ## - ADDED ENTRY ELEMENTS (KOHA)
Koha item type Reference Book
Holdings
Withdrawn status Lost status Damaged status Not for loan Collection Home library Current library Shelving location Date acquired Source of acquisition Cost, normal purchase price Inventory number Total Checkouts Full call number Barcode Date last seen Cost, replacement price Price effective from Koha item type
        CRC Fr. Agnel's C.Rodrigues College of Engineering Fr. Agnel's C.Rodrigues College of Engineering   17/03/2023 Computer Book shop 730.00 431 dt 08/06/2006   005.133J/DAV DAV 16685 17/03/2023 750.00   Reference Book
        CRC Fr. Agnel's C.Rodrigues College of Engineering Fr. Agnel's C.Rodrigues College of Engineering   17/03/2023 Computer Book shop 730.00     005.133J/DAV DAV 16686 17/03/2023 750.00   BOOK